| 000 | 02581nam0a2200421 i 4500 | ||
|---|---|---|---|
| 001 | RU\NLR\BIBL_A\010534524 | ||
| 005 | 20260407104830.0 | ||
| 010 |
_a9785991403740 _9500 |
||
| 021 |
_aRU _b2014-68709 _94211 |
||
| 035 | _a(NILC)RuMoRGB-007549465 | ||
| 035 | _a(NLR Aleph) 010534524 | ||
| 090 |
_a10271561 _c10271561 |
||
| 100 | _a20141119d2014 k y0rusy50 ca | ||
| 101 | 0 | _arus | |
| 102 | _aRU | ||
| 105 | _aa|||z|||001yy | ||
| 200 | 1 |
_aМоделирование процесса смешивания и гранулирования сыпучих материалов с вязкой жидкостью _eмонография _f[А.И. Зайцев, А.Е. Лебедев, А.Б. Капранова и др.] _gМ-во образования и науки Рос. Федерации, Федер. гос. бюджет. образоват. учреждение высш. проф. образования "Яросл. гос. техн. ун-т" |
|
| 210 |
_aЯрославль _cЯрославский государственный технический университет _d2014 |
||
| 215 |
_a99 с. _cил. _d20 |
||
| 300 | _aАвт. указаны в вып. дан. | ||
| 313 | _aДиспергирование битумов в пр-ве асфальтобетона | ||
| 320 | _aБиблиогр.: с. 93-99 (82 назв.) | ||
| 606 | 1 |
_aБитумы _xДиспергирование _92271132 _3RU\NLR\AUTH\6601590229 |
|
| 606 | 1 |
_aСыпучие материалы _xСмешивание _92426216 _3RU\NLR\AUTH\661444464 |
|
| 606 | 1 |
_aСыпучие материалы гранулированные _xПроизводство _92140245 _3RU\NLR\AUTH\661594569 |
|
| 606 | 1 |
_aАсфальтобетон _xПроизводство _92104286 _3RU\NLR\AUTH\661272301 |
|
| 686 | 1 | _aН373.100.8 | |
| 686 | 1 | _aЛ111.33 | |
| 701 | 1 |
_8rus _7ca _aЗайцев _bА. И. _cд-р техн. наук, теорет. механика _gАнатолий Иванович _3RU\NLR\AUTH\7754682 _937614 |
|
| 701 | 1 |
_aЛебедев _bА. Е. _cд-р техн. наук _gАнтон Евгеньевич _9131526 _3RU\NLR\AUTH\770131560 |
|
| 701 | 1 |
_8rus _7ca _aКапранова _bА. Б. _gАнна Борисовна _3RU\NLR\AUTH\7783762 _966690 |
|
| 712 | 0 | 2 |
_4570 _aЯрославский государственный технический университет _3RU\NLR\AUTH\889935890 _9366641 |
| 801 | 0 |
_aRU _bРГБ _c20140909 _gRCR |
|
| 801 | 1 |
_aRU _bРГБ _c20140909 _2rusmarc |
|
| 942 | _cBOOK | ||
| 980 | _aNBR | ||